<?xml version="1.0" encoding="UTF-8"?><?xml-stylesheet type="text/xsl" href="static/style.xsl"?><OAI-PMH xmlns="http://www.openarchives.org/OAI/2.0/" xmlns:xsi="http://www.w3.org/2001/XMLSchema-instance" xsi:schemaLocation="http://www.openarchives.org/OAI/2.0/ http://www.openarchives.org/OAI/2.0/OAI-PMH.xsd"><responseDate>2026-06-02T17:22:19Z</responseDate><request verb="GetRecord" identifier="oai:riuma.uma.es:10630/16282" metadataPrefix="marc">https://riuma.uma.es/rest/oai/request</request><GetRecord><record><header><identifier>oai:riuma.uma.es:10630/16282</identifier><datestamp>2026-02-03T12:17:57Z</datestamp><setSpec>com_10630_2254</setSpec><setSpec>col_10630_37959</setSpec></header><metadata><record xmlns="http://www.loc.gov/MARC21/slim" xmlns:dcterms="http://purl.org/dc/terms/" xmlns:doc="http://www.lyncode.com/xoai" xmlns:xsi="http://www.w3.org/2001/XMLSchema-instance" xsi:schemaLocation="http://www.loc.gov/MARC21/slim http://www.loc.gov/standards/marcxml/schema/MARC21slim.xsd">
   <leader>00925njm 22002777a 4500</leader>
   <datafield ind2=" " ind1=" " tag="042">
      <subfield code="a">dc</subfield>
   </datafield>
   <datafield ind2=" " ind1=" " tag="720">
      <subfield code="a">Jiménez-Gómez, Carmen Pilar</subfield>
      <subfield code="e">author</subfield>
   </datafield>
   <datafield ind2=" " ind1=" " tag="720">
      <subfield code="a">Cecilia-Buenestado, Juan Antonio</subfield>
      <subfield code="e">author</subfield>
   </datafield>
   <datafield ind2=" " ind1=" " tag="720">
      <subfield code="a">Franco-Duro, Francisco Ignacio</subfield>
      <subfield code="e">author</subfield>
   </datafield>
   <datafield ind2=" " ind1=" " tag="720">
      <subfield code="a">Moreno-Tost, Ramón</subfield>
      <subfield code="e">author</subfield>
   </datafield>
   <datafield ind2=" " ind1=" " tag="720">
      <subfield code="a">Maireles-Torres, Pedro Jesús</subfield>
      <subfield code="e">author</subfield>
   </datafield>
   <datafield ind2=" " ind1=" " tag="260">
      <subfield code="c">2018-07-16</subfield>
   </datafield>
   <datafield ind2=" " ind1=" " tag="520">
      <subfield code="a">La biomasa está adquiriendo un papel fundamental para la producción de energía, biocombustibles y productos químicos. La hemicelulosa tiene un alto potencial ya que su hidrólisis y deshidratación de la xilosa resultante pueden dar lugar a furfural. Actualmente, su hidrogenación a alcohol furfurílico consume la mayor parte del furfural producido; este proceso catalítico se lleva a cabo usando catalizadores basados en cromita de cobre, pero la toxicidad del cromo ha impulsado el desarrollo de nuevos sistemas catalíticos más sostenibles y respetuosos con el medio ambiente. Cabe mencionar que también existe la posibilidad de obtener otros productos interesantes como son el 2-metilfurano (MF), el furano o incluso, se puede llegar a la apertura del anillo furánico. En bibliografía se han propuesto catalizadores metálicos sin cromo, a base de Cu o Ni, activos y selectivos hacia los productos de reacción antes mencionados, en función de las condiciones experimentales y del binomio fase activa - soporte.&#xd;
En el presente trabajo se ha sintetizado por el método de coprecipitación-deposición una familia de catalizadores metálicos de Cu soportado en kerolita, un mineral de la familia de las arcillas, los cuales se han denotado como K-xCu (donde x es el porcentaje de Cu = 5-30%), que se sometieron a calcinación y reducción para obtener los diferentes catalizadores metálicos. Además, se ha evaluado la influencia de la adición de promotores (CeO2 y ZnO) en la etapa de síntesis, sobre el comportamiento catalítico con el fin de obtener catalizadores estables y selectivos.&#xd;
La influencia del contenido en cobre en la catálisis juega un papel importante ya que los valores de conversión de furfural aumentan con el contenido en cobre, alcanzando un 90% para el K-15Cu tras 5 h de reacción. El alcohol furfurílico y el 2-metilfurano han sido los únicos productos detectados, favoreciéndose la formación de alcohol furfurílico con la adición de promotores.</subfield>
   </datafield>
   <datafield ind1="8" ind2=" " tag="024">
      <subfield code="a">https://hdl.handle.net/10630/16282</subfield>
   </datafield>
   <datafield tag="653" ind2=" " ind1=" ">
      <subfield code="a">Biomasa</subfield>
   </datafield>
   <datafield ind2="0" ind1="0" tag="245">
      <subfield code="a">Catalizadores de cobre soportados en kerolita para la hidrogenación del furfural en fase gas</subfield>
   </datafield>
</record>
</metadata></record></GetRecord></OAI-PMH>